County business patterns, Alaska.
Saved in:
| New Title: | County business patterns (Online) |
|---|---|
| Previous Title: | County business patterns. Part 10, Pacific states, Alaska, California, Hawaii, Oregon, Washington |
| Corporate Author: | |
| Format: | Serial |
| Language: | English |
| Published: |
Washington, D.C. :
U.S. Dept. of Commerce, Bureau of the Census : For sale by the Supt. of Docs., U.S. G.P.O.
|
| Subjects: | |
| Tags: |
Add Tag
No Tags, Be the first to tag this record!
|
| LEADER | 02171cas a2200493 a 4500 | ||
|---|---|---|---|
| 001 | 007760353-2 | ||
| 005 | 20150608152844.0 | ||
| 008 | 810629d19642004dcuar s f0 a0eng c | ||
| 010 | |a sn 87043299 | ||
| 022 | 0 | |a 2379-0857 |l 2379-0857 |2 1 | |
| 035 | 0 | |a ocm07537430 | |
| 037 | |a 803-052-00000-0 | ||
| 040 | |a GPO |b eng |c GPO |d GPO |d IUL |d GPO |d IUL |d CUS |d GPO |d OCLCQ |d OCLCF |d OCLCO |d HUL |d DLC |d HLS | ||
| 042 | |a pcc |a nsdp | ||
| 043 | |a n-us-ak | ||
| 050 | 4 | |a HC101 |b .A184 | |
| 074 | |a 0133-A-02 | ||
| 074 | |a 0133-A-02 (online) | ||
| 082 | 1 | 0 | |a 330.973 |2 23 |
| 086 | 0 | |a C 3.204: | |
| 086 | 0 | |a C 3.204/3-3: | |
| 222 | 0 | |a County business patterns, Alaska | |
| 245 | 0 | 0 | |a County business patterns, Alaska. |
| 260 | |a Washington, D.C. : |b U.S. Dept. of Commerce, Bureau of the Census : |b For sale by the Supt. of Docs., U.S. G.P.O. | ||
| 300 | |a v. : |b ill. ; |c 28 cm. | ||
| 310 | |a Annual | ||
| 362 | 1 | |a Began with 1964; ceased in paper version with 2004 issue. | |
| 530 | |a Vols. for 1993-2004 also available via Internet from the U.S. Census Bureau web site (PDF file only). Address as of 04/28/15: http://www.census.gov/prod/www/business.html; current access is available via PURL. | ||
| 580 | |a Data also included in CD-ROM publication: County business patterns. | ||
| 580 | |a Continued by online version. | ||
| 588 | |a Description based on: 1979; title from title page. | ||
| 588 | |a Latest issue consulted: 2004 (Issued June 2006). | ||
| 650 | 0 | |a Industrial statistics |z Alaska |v Periodicals. | |
| 650 | 7 | |a Industrial statistics. |2 fast | |
| 651 | 7 | |a Alaska. |2 fast | |
| 655 | 7 | |a Periodicals. |2 fast | |
| 710 | 1 | |a United States. |b Bureau of the Census. | |
| 776 | 0 | 8 | |i Online version: |t County business patterns, Alaska |w (OCoLC)622637471 |
| 776 | 0 | 8 | |i Online version: |t County business patterns, Alaska |w (OCoLC)679590071 |
| 780 | 0 | 1 | |t County business patterns. Part 10, Pacific states, Alaska, California, Hawaii, Oregon, Washington |
| 785 | 1 | 0 | |t County business patterns (Online) |x 2154-6193 |w (DLC) 98660864 |w (OCoLC)39908406 |
| 787 | 1 | |t County business patterns (CD-ROM) |x 1064-539X |w (DLC) 92644462 |w (OCoLC)23018656 | |
| 988 | |a 20020608 | ||
| 906 | |0 OCLC | ||


